| 000 | 00513nam a2200157Ia 4500 | ||
|---|---|---|---|
| 003 | IN-BaIIA | ||
| 008 | 211028s9999 xx 000 0 eng d | ||
| 040 | _cIIA Library | ||
| 080 |
_a551.510.7 _bROS |
||
| 100 |
_aRoss, W _92270 |
||
| 245 | 0 |
_aLateral deviation of radio waves reflected at the ionosphere _cW. Ross |
|
| 260 |
_aLondon _bHer Majesty's Stationary Office _c1949 |
||
| 300 | _aiii, 31p. | ||
| 650 | _aAstronomy and Astrophysics Thesaurus | ||
| 942 | _cBK | ||
| 999 |
_c1056 _d1056 |
||